000 01455nam1a22002891i 4500
001 RU\INGAK2\INFOCOMM_322\NLR\5000174399
005 20240726235845.0
035 _a(NLR Aleph) 011041137
090 _a11153929
_c11153929
100 _a20130213d1965 |||y0rusy50 ba
101 0 _aeng
102 _aRU
105 _ay z||||
200 1 _aRadio equipment power supply
_e(Selected lectures for the department of teaching on foreign languages)
_f... written and selected by ... Makarov O. V.
_gRSFSR. Council of national economy. Economical region of Leningrad. Leningrad radiopolytechnical technicum
210 _aL.
_d1965
215 _a1 т.
_d21 см
300 _aНа обл. сост. не указан
300 _aНа обороте тит. л.: Электропитание радиоустройств. (Отдельные лекции для групп иностранного отделения). Сост. ... Макаров О. В.
517 1 _aЭлектропитание радиоустройств
_e(Отдельные лекции для групп иностранного отделения)
_zrus
620 _aСанкт-Петербург
686 _aТ8-1550(рук.д/техн.)(З88-421я728)
_2rubbk
700 1 _aMakarov
_bO. V.
_f1936-
_gOleg Vasil'evič
712 0 2 _aLeningrad radiopolytechnical technikum
_4570
801 1 _aRU
_bInfoComm
_c20130213
801 0 _aRU
_bNLR
_gPSBO
852 _aNLR
_jТ95 Г-4/92
942 _cBOOK